Catálogo público

Normal view MARC view

Entry Nombre personal

Number of records used in: 1

001 - NÚMERO DE CONTROL

  • campo de control: 185033

003 - IDENTIFICADOR DEL NÚMERO DE CONTROL

  • campo de control: OSt

005 - FECHA Y HORA DE LA ÚLTIMA TRANSACCIÓN

  • campo de control: 20220602025502.0

008 - DATOS DE LONGITUD FIJA

  • campo de control de longitud fija: 220602|| aca||aabn | a|a d

040 ## - FUENTE DE LA CATALOGACIÓN

  • Centro catalogador/agencia de origen: OSt
  • Centro/agencia transcriptor: OSt

100 ## - ENCABEZAMIENTO-NOMBRE DE PERSONA

  • Nombre de persona: UACh. Departamento Parasitología Agrícola Ì

670 ## - FUENTE DE DATOS ENCONTRADOS

  • Cita de la fuente: Work cat.: (OSt)217217: Villar Vázquez Manuel Ulises 119545, Control alternativo de la cochinilla silvestre (Dactylopius sp.) del nopal verdura (Opuntia ficus-indica) en la delegación Milpa Alta del Distrito Federal / Manuel Ulises Villar Vázquez